000 00590nam a2200181Ia 4500
008 100917s9999 xx 000 0 und d
082 _b62498
100 _aसहस्त्रबुध्दे प्र. ग.
245 _aडॉ. हेडगेवार
260 _bकथा भारती ज्ञानगंगा प्रकाशन
_c---
300 _a30
365 _b3.5
520 _aबालविभाग
630 _aडॉ. हेडगेवार
650 _aबालविभाग
730 _aडॉ. हेडगेवार
942 _cBOOK
999 _c667892
_d667889